000 00938nam a2200265Ia 4500
003 OSt
005 20221005103152.0
006 a|||||r|||| 00| 0
007 ta
008 221004b |||||||| |||| 00| 0 hin d
020 _a9788190256216 (pbk)
024 _a23878
037 _bGift, 13/01/2016,
_cTextual
040 _aCRL
_cCRL
_bhin
041 _2hin
_ahin
082 _aDelta2wM93, 152P8
100 _aयोगानंद, परमहंस
245 0 _aयोगी कथामृत
246 _aYogī kathāmṛuta
260 _aकलकता
_bयोगोदा सत्संग सोसायटी भारत
_c2008
300 _a685पृ0
_ccm.
650 _aआध्यात्मिक अनुभव और रहस्यवाद
942 _hDelta2wM93, 152P8
_cTEXL
_2cc
999 _c1009540
_d1009540